Statistics for Every Ludacris Song on the Billboard Hot 100

Click here to take the quiz!

General Stats

  • This quiz has been taken 32 times
    (24 since last reset)
  • The average score is 13 of 56

Answer Stats

#YearSong% Correct
52010Baby (Justin Bieber)
75%
102002Move Bitch ft. Mystikal & I-20
60%
12004Yeah! (Usher) ft. Lil Jon
55%
172002Roll Out (My Business)
45%
242001Area Codes ft. Nate Dogg
40%
112010My Chick Bad ft. Nicki Minaj
40%
22007Runaway Love ft. Mary J. Blige
40%
12003Stand Up ft. Shawnna
40%
232001Southern Hospitality
35%
212000What's Your Fantasy ft. Shawnna
35%
322003Act A Fool
30%
242010All I Do Is Win (DJ Khaled) ft. T-Pain, Snoop Dogg & Rick Ross
30%
132005Get Back
30%
12007Glamorous (Fergie)
30%
912015Good Lovin ft. Miguel
30%
62010How Low
30%
12006Money Maker ft. Pharrell Williams
30%
192005Number One Spot
30%
242009One More Drink ft. T-Pain
30%
62004Splash Waterfalls
30%
12010Break Your Heart (Taio Cruz)
25%
702011Little Bad Girl (David Guetta) ft. Taio Cruz
25%
32005Lovers And Friends (Lil Jon & The East Side Boyz) ft. Usher
25%
92005Pimpin' All Over The World ft. Bobby Valentino
25%
722012Rest Of My Life ft. Usher & David Guetta
25%
692010Sex Room ft. Trey Songz
25%
272008Chopped 'N' Skrewed (T-Pain)
20%
22005Oh (Ciara)
20%
222002Saturday (Oooh! Ooooh!) ft. Sleepy Brown
20%
82006Unpredictable (Jamie Foxx)
20%
772011Wet The Bed (Chris Brown)
20%
332008What Them Girls Like ft. Chris Brown & Sean Garrett
20%
222012All Around The World (Justin Bieber)
15%
942001Bia' Bia' (Lil Jon & The East Side Boyz) ft. Too Short, Big Kap & Chyna Whyte
15%
392006Georgia (Field Mob) ft. Jamie Foxx
15%
412007Get Buck In Here (DJ Felli Fel) ft. Diddy, Akon & Lil Jon
15%
82003Gossip Folks (Missy Elliott)
15%
32003Holidae In (Chingy) ft. Snoop Dogg
15%
832003B R Right (Trina)
10%
942004Diamond In The Back
10%
72011Dirt Road Anthem (Jason Aldean)
10%
872001Fatty Girl (LL Cool J & Keith Murray)
10%
962013Helluva Night
10%
702003Hot & Wet (112)
10%
262009How Do You Sleep? (Jesse McCartney)
10%
652008Last Of A Dying Breed ft. Lil Wayne
10%
622006Need A Boss (Shareefa)
10%
782009Regret (LeToya)
10%
972012Representin' ft. Kelly Rowland
10%
422010Ride (Ciara)
10%
632004Shake Dat Shit (Shawnna)
10%
202005Sugar (Gimme Some) (Trick Daddy) ft. Lil' Kim & Cee-Lo
10%
472018The Champion (Carrie Underwood)
10%
792012Tonight (Best You Ever Had) (John Legend)
10%
42011Tonight (I'm Lovin' You) (Enrique Iglesias) ft. DJ Frank E
10%
352002Welcome To Atlanta (Jermaine Dupri)
10%

Score Distribution

Percentile by Number Answered

Percent of People with Each Score

Your Score History

You have not taken this quiz since the last reset